000 00648nam a2200205Ia 4500
003 OSt
005 20250205113434.0
008 210210b1970 xxu||||| |||| 00| 0 eng d
040 _cAL
041 _ahin
082 _aH891.9 SIMH
100 _aSIMH (Brajbhushan)
_9197755
110 _bसिंह (ब्रजभूषण)
_9197756
245 _aHindi ke rajnitik upanyason ka anushilan:
_bहिंदी के राजनितिक उपन्यासों का अनुशीलन
260 _aIlahabad
_bRachna Prakashan
_c1970
300 _a576
690 _aHindi Criticism
_9197763
906 _a033813
942 _2ddc
_cBK
999 _c84692
_d84692